000
00264 a2200097 4500
001
30755
100
_a
Mumford, L
245
_a
The City in History: Its origins, its transformations & its Prospects
260
_a
London
_b
Secker & Warburg
_c
090
_c
20687
_d
20687
942
_a
NUST-CAE
_c
M
_c
11877
999
_c
265828
_d
265828